000 00770nam a22002297a 4500
003 UA-OsUOA
001 76322
007 ta
008 20110624b un ||||| |||| 00| 0 ukr d
090 _a94(4)"04/14"
_bД73
942 _cBK
040 _aUA-OsUOA
_brus
_cUA-OsUOA
_dUA-OsUOA
245 _aДревнейшие государства Восточной Европы. 2006 год: Пространство и время в средневековых текстах
_cОтв. ред. Г. В. Глазырина
300 _a552 с.
955 _a2
041 _arus
080 _a94(4)"04/14"
020 _a978-5-91244-007-6
260 _aМ.
_c2010
650 7 _a9 Географія. Біографії. Історія
_2UDC
999 _c362610
_d362610